Normal view
MARC view
- Solomon, Steven
Entry Personal Name
001 - CONTROL NUMBER
- control field: 109803
003 - CONTROL NUMBER IDENTIFIER
- control field: NUST
005 - DATE AND TIME OF LATEST TRANSACTION
- control field: 20230306111306.0
008 - FIXED-LENGTH DATA ELEMENTS
- fixed length control field: 230306|| aca||aabn | a|a d
040 ## - CATALOGING SOURCE
- Original cataloging agency: NUST
- Transcribing agency: NUST
100 ## - HEADING--PERSONAL NAME
- Personal name: Solomon, Steven
670 ## - SOURCE DATA FOUND
- Source citation: Work cat.: (NUST)184337: Solomon, Steven., The confidence game :, c1995.
